| 000 | 00881cam a22002531 4500 | ||
|---|---|---|---|
| 001 | rc 01002792 | ||
| 003 | DLC | ||
| 005 | 20260227111907.0 | ||
| 007 | cr_||||||||||| | ||
| 008 | 781207s1868 dcu f000 0 eng | ||
| 010 | _arc 01002792 | ||
| 035 | _a(OCoLC)4428651 | ||
| 040 |
_aDLC _cVi _dOCoLC _dDLC |
||
| 042 | _apremarc | ||
| 050 | 0 | 0 |
_aF229 _b.N427 |
| 100 | 1 |
_aNeill, Edward D. _q(Edward Duffield), _d1823-1893. |
|
| 245 | 0 | 0 |
_aVirginia Company of London. _bExtracts from their manuscript transactions: with notes, _cby Edward D. Neill. |
| 260 |
_aWashington, _bGovt. Print. Off., _c1868. |
||
| 300 |
_a17 p. _c23 cm. |
||
| 530 | _aAlso available in digital form on the Internet Archive Web site. | ||
| 610 | 2 | 0 | _aVirginia Company of London. |
| 651 | 0 |
_aVirginia _xHistory _yColonial period, ca. 1600-1775. |
|
| 856 | 4 | 1 | _uhttp://hdl.loc.gov/loc.gdc/scd0001.00143670958 |
| 999 |
_c52406 _d52406 |
||